Superhero Surnames Quiz Stats

 Plays Quiz Updated Dec 3, 2018

Support Sporcle.
Go Orange.
Score 0/30 Timer 06:00
7 Plays Today
First Name Surname % Correct
PeterParker
96.7%
ClarkKent
96%
BruceWayne
93.2%
TonyStark
78.3%
BruceBanner
74.6%
ReedRichards
43.8%
ScottSummers
40.7%
MattMurdock
36.6%
BarbaraGordon
36.5%
SelinaKyle
34.6%
HalJordan
33.6%
SteveRogers
33%
BenGrimm
32.5%
HankMcCoy
29.3%
FrankCastle
27.3%
First Name Surname % Correct
KurtWagner
26%
RemyLeBeau
24.1%
DianaPrince
23.3%
BobbyDrake
22.4%
Ororo Iqadi T'Challa (née Munroe)
21.1%
WarrenWorthington III
19.4%
ArthurCurry
18.9%
J'onnJ'onzz
18.2%
PiotrRasputin
16.7%
NorrinRadd
16%
BillyBatson
15.8%
Elizabeth 'Betsy'Braddock
12.5%
AlSimmons
8.8%
AlecHolland
3.9%
ColeCash
2.7%

From the Vault

Queen Singles by Letter

by estebanreyes

Music 6m
This quiz best enjoyed with a night at the opera (or a day at the races)
Remove Ads.
Support Sporcle.
Get the best of Sporcle when you Go Orange. This ad-free experience offers more features, more stats, and more fun while also helping to support Sporcle. Thank you for becoming a member.

Show Comments

Extras

Top Quizzes Today


Score Distribution

Your Account Isn't Verified!

In order to create a playlist on Sporcle, you need to verify the email address you used during registration. Go to your Sporcle Settings to finish the process.

Report this User

Report this user for behavior that violates our Community Guidelines.

Details: